000 01227nam a2200229Ia 4500
001 L235-7884
003 IT-CnALBA
008 170116s9999||||xx |||||||||||||| ||und||
040 _aIT-CnALBA
_cIT-CnALBA
041 _aITALIANO
100 _aGIUSEPPINO DE ROMA
245 0 _aLA DONNA SI CHIAMAVA MARIA.
250 _a1a ed.
260 _aCINISELLO BALSAMO (MI)
_bEDIZIONI PAOLINE
_c1982 [1° Ed.:1982 - Ed.Ling.Originale: 1982]
300 _a86 p. (prefazione: 56)
500 _aANNUNZIAZIONE. VISITAZIONE. IL DUBBIO DI GIUSEPPE. NATALE. PURIIFICAZIONE DI MARIA. SMARRIMENTO DI GESÙ. ESORTAZIONE DI MARIA AI SERVI, ALLA CHIESA. I VERI PARENTI DI GESÙ. MATERNITÀ SPIRITUALE DI MARIA. LA CHIESA IN PREGHIERA CON MARIA. APOSTOLI DI DIO.
501 _aSocietà San Paolo EM - Piazza San Paolo, 14 - 12051 ALBA (CN) (non commercial uses only) ® Copyright 2017
520 _aANNUNZIAZIONE. VISITAZIONE. IL DUBBIO DI GIUSEPPE. NATALE. PURIIFICAZIONE DI MARIA. SMARRIMENTO DI GESÙ. ESORTAZIONE DI MARIA AI SERVI, ALLA CHIESA. I VERI PARENTI DI GESÙ. MATERNITÀ SPIRITUALE DI MARIA. LA CHIESA IN PREGHIERA CON MARIA. APOSTOLI DI DIO.
650 _aMARIA SS. ANGELI SANTI DEMONI
942 _cBK
957 _71
999 _a8860
_bNO
_g Copie: 1
_c267066
_d267066